00980cam a2200241 a 450000100100000000500170001000800410002702000150006804000180008308200190010110000480012024500550016826000730022330000200029649000270031665000310034365000320037483000340040691000340044095201220047495201270059699900150072300000618220200929151949.0990630s1999 ve 001 0 spa  a9800110771 aDO-SdBNPcDLC aV861.44bV712m1 aVilla Pelayo, José Jesús,d1962-91732510aMariana de Coimbra /cJosé Jesús Villa Pelayo. aCaracas, Venezuela :bMonte Ávila Editores Latinoamericana,c1999. a79 p. ;c21 cm.1 aLos Espacios cálidos 4aPoesìa venezolana917326 4aLiteratura venezolana93816 0aLos Espacios cálidos917327 aCatalogación por copia / LC 001052708MOaGRbGRcCTd2009-08-26iLF1l0oV861.44 V712mp6182-10r2020-06-25w2020-06-25y2ZPréstamo interno 001053728MOaGRbGRcCTd2009-08-26iLF1l0oV861.44 V712mp6182-20r2020-06-25te.2w2020-06-25y2ZPréstamo interno c5977d5977